Rashouk the Cave Troll / (Record no. 745)

MARC details
000 -LEADER
fixed length control field 01105nam a22002777a 4500
005 - DATE AND TIME OF LATEST TRANSACTION
control field 20230926135830.0
020 ## - INTERNATIONAL STANDARD BOOK NUMBER
International Standard Book Number 9781408303788 (pbk.)
020 ## - INTERNATIONAL STANDARD BOOK NUMBER
International Standard Book Number 1408303787 (pbk.)
040 ## - CATALOGING SOURCE
Original cataloging agency UKM
Language of cataloging eng
Transcribing agency UKM
Modifying agency BTCA
-- SINLB
-- YDXCP
-- OCLCQ
-- OCLCO
-- DLC
050 00 - LIBRARY OF CONGRESS CALL NUMBER
Classification number MLCS 2012/42649 (P)
082 04 - DEWEY DECIMAL CLASSIFICATION NUMBER
Classification number 823.92
Edition number 22
100 1# - MAIN ENTRY--PERSONAL NAME
Personal name Blade, Adam.
245 10 - TITLE STATEMENT
Title Rashouk the Cave Troll /
Statement of responsibility, etc. by Adam Blade.
250 ## - EDITION STATEMENT
Edition statement First printing, October 2011
260 ## - PUBLICATION, DISTRIBUTION, ETC.
Place of publication, distribution, etc. New York :
Name of publisher, distributor, etc. Scholastic,
Date of publication, distribution, etc. 2009.
300 ## - PHYSICAL DESCRIPTION
Extent 78 pages :
Other physical details illustrations ;
Dimensions 20 cm.
490 0# - SERIES STATEMENT
Series statement Beast quest. The Amulet of Avantia ;
Volume/sequential designation Book 21
505 ## - FORMATTED CONTENTS NOTE
Formatted contents note S <br/>
520 ## - SUMMARY, ETC.
Summary, etc. "Lurking in the Dead Peaks is Rashouk the Cave Troll. The Ghost Beast smells out his victims' fear -- and turns them to stone. It will take all of Tom's courage to capture Rashouk's piece of the Amulet of Avantia, but failure means never seeing his father again..."--Back cover.
521 ## - TARGET AUDIENCE NOTE
Target audience note 770 <br/>
Source Lexile <br/>
521 ## - TARGET AUDIENCE NOTE
Target audience note S <br/>
Source Raz-Plus <br/>
650 ## - SUBJECT ADDED ENTRY--TOPICAL TERM
Topical term or geographic name entry element Mysteries
Form subdivision Genre-adventure
906 ## - LOCAL DATA ELEMENT F, LDF (RLIN)
a 7
b cbc
c copycat
d 4
e ncip
f 20
g y-gencatlg
942 ## - ADDED ENTRY ELEMENTS (KOHA)
Source of classification or shelving scheme Dewey Decimal Classification
Koha item type Books
Suppress in OPAC No
999 ## -
-- 745
-- 745
Holdings
Withdrawn status Lost status Source of classification or shelving scheme Damaged status Not for loan Collection Home library Current library Shelving location Date acquired Total Checkouts Full call number Barcode Date due Date last seen Date last checked out Price effective from Koha item type
    Dewey Decimal Classification     Juvenile Fiction Footprints International School Library Network Toul Kork Campus Footprints International School Library Network Toul Kork Campus TK Primary Library Room(4th Floor), Bookcase 5&6, Shelves 33-56, Orange Books 07/05/2023 2 BLA 823.92 FISTK00459 09/12/2025 08/29/2025 08/29/2025 07/05/2023 Books